| 000 | 00761nam a22002297a 4500 | ||
|---|---|---|---|
| 999 |
_c1105 _d1105 |
||
| 003 | AR-CdUCM | ||
| 008 | 190226b ||||| |||| 00| 0 spa d | ||
| 040 |
_aMUNICIPALIDAD PROVINCIAL DEL CUSCO _cBIBLIOTECA MUNICIPAL DEL CUSCO |
||
| 082 |
_a951.05 / _bC23 |
||
| 100 |
_aOrbegozo Hernández, Manuel _94308 |
||
| 245 |
_aTian Anmen : _bla otra cara de la medalla / |
||
| 260 |
_aLima : _bLluvia Editores, _c1990. |
||
| 300 |
_a126 páginas ; _c21 cm. |
||
| 505 | _aPrologo -- Huelga en Tian Anmen -- Hu Yao-bang -- La Cita Cumbre -- Sedición Vandalica... | ||
| 650 |
_aGuerra _91007 |
||
| 650 |
_aHistoria de Asia _94309 |
||
| 650 |
_aChina _9843 |
||
| 650 |
_aPekín _94310 |
||
| 650 |
_aPeriodismo _91929 |
||
| 942 |
_2ddc _cLIBROS |
||
| 945 |
_admma _d2019-02-26 |
||